[Event "SVK-ch I/123 corr"]
[Site "Slovakia"]
[Date "1996.??.??"]
[Round "?"]
[White "Moravec, Milan"]
[Black "Teuschel, Zdenek"]
[Result "1-0"]
[WhiteElo "1662"]
[BlackElo "1843"]
[PlyCount "63"]
[EventDate "1996.11.15"]
[EventType "tourn (corr)"]
[EventRounds "12"]
[EventCountry "SVK"]
[SourceTitle "Corr 2008"]
[Source "ChessBase"]
[SourceDate "2008.06.24"]
[SourceVersion "1"]
[SourceVersionDate "2008.06.24"]
[SourceQuality "1"]

1. d4 d5 2. c4 c6 3. Nf3 Nf6 4. Nc3 dxc4 5. a4 Bf5 6. e3 e6 7. Bxc4 Bb4 8. 0-0 Nbd7 9. Nh4 0-0 10. f3 Bg6 11. e4 Qa5 12. Nxg6 hxg6 13. Na2 Nb6 14. Be2 Rfd8 15. Be3 Bc5 16. Nc1 e5 17. Nb3 Qb4 18. Nxc5 exd4 19. Nd3 Qe7 20. Bg5 Nbd7 21. Qb3 b6 22. Rac1 c5 23. Rfd1 Rdc8 24. Nf2 Nf8 25. f4 Qe8 26. e5 N6h7 27. Ne4 Qd7 28. Nd6 Ne6 29. Nxc8 Rxc8 30. Bg4 Nhf8 31. Bh4 Kh7 32. f5 1-0

[Event "SVK-ch I/123 corr"]
[Site "Slovakia"]
[Date "1996.??.??"]
[Round "?"]
[White "Regec, Viliam"]
[Black "Teuschel, Zdenek"]
[Result "0-1"]
[WhiteElo "1660"]
[BlackElo "1843"]
[PlyCount "23"]
[EventDate "1996.11.15"]
[EventType "tourn (corr)"]
[EventRounds "12"]
[EventCountry "SVK"]
[SourceTitle "Corr 2008"]
[Source "ChessBase"]
[SourceDate "2008.06.24"]
[SourceVersion "1"]
[SourceVersionDate "2008.06.24"]
[SourceQuality "1"]

1. e4 e5 2. Nf3 Nc6 3. Bc4 Nf6 4. d3 Bc5 5. c3 d6 6. Nbd2 0-0 7. Bb3 Ng4 8. h3 Nh6 9. Nc4 Qf6 10. Bg5 Qg6 11. Qd2 Qh5 12. Bxh6 0-1

[Event "SVK-ch I/123 corr"]
[Site "Slovakia"]
[Date "1996.??.??"]
[Round "?"]
[White "Teuschel, Zdenek"]
[Black "Fabian, Milan Sr"]
[Result "1/2-1/2"]
[WhiteElo "1843"]
[BlackElo "1729"]
[PlyCount "48"]
[EventDate "1996.11.15"]
[EventType "tourn (corr)"]
[EventRounds "12"]
[EventCountry "SVK"]
[SourceTitle "Corr 2008"]
[Source "ChessBase"]
[SourceDate "2008.06.24"]
[SourceVersion "1"]
[SourceVersionDate "2008.06.24"]
[SourceQuality "1"]

1. e4 e5 2. Nf3 Nc6 3. Bb5 a6 4. Ba4 Nf6 5. 0-0 Be7 6. Re1 b5 7. Bb3 0-0 8. c3 d6 9. h3 Bb7 10. d4 Re8 11. Nbd2 Bf8 12. a4 Qd7 13. axb5 axb5 14. Rxa8 Bxa8 15. d5 Na5 16. Ba2 c6 17. b4 Nb7 18. Nf1 Rc8 19. Bb2 g6 20. Qd3 cxd5 21. Bxd5 Nxd5 22. exd5 f5 23. Qe2 Bg7 24. Rd1 Nd8 1/2-1/2